| 000 | 00370nam a2200157Ia 4500 | ||
|---|---|---|---|
| 005 | 20240921143542.0 | ||
| 008 | 240921s9999||||xx |||||||||||||| ||und|| | ||
| 041 | _aENGLISH | ||
| 082 | _A621.3 M0 | ||
| 100 | _aMcLean W.G. and Nelson E.W | ||
| 245 | 0 | _aEngineering Mechanics | |
| 260 | _bMcGRAW | ||
| 650 |
_aMechanical _bMechanical |
||
| 942 | _cBB | ||
| 999 |
_c247846 _d247846 |
||